书目信息 |
| 题名: |
中国林学会造林分会第4届理事暨学术讨论造林论文集
|
|
| 作者: | 熊耀国 , 翟明普 主编 | |
| 分册: | ||
| 出版信息: | 北京 中国环境科学出版社 2001.01 |
|
| 页数: | 223页 | |
| 开本: | 26cm | |
| 丛书名: | ||
| 单 册: | ||
| 中图分类: | S725-53 | |
| 科图分类: | ||
| 主题词: | 造林 , 造林--技术 | |
| 电子资源: | ||
| ISBN: | 7-80163-039-4 | |
| 000 | 00743nam0 2200217 45 | |
| 001 | 0234210659 | |
| 005 | 2002041309301065 | |
| 010 | @a7-80163-039-4@dRMB 36.00 | |
| 100 | @a20020413d2001 km y0chiy0120 ea | |
| 101 | 0 | @achi |
| 102 | @aCN@b110000 | |
| 200 | 1 | @a中国林学会造林分会第4届理事暨学术讨论造林论文集@Azhong guo lin xue hui zao lin fen hui di 4 jie li shi ji xue shu tao lun zao lin lun wen ji@f熊耀国,翟明普主编@Fxiong yao guo,zhai ming pu zhu bian |
| 210 | @a北京@c中国环境科学出版社@d2001.01 | |
| 215 | @a223页@d26cm | |
| 606 | 0 | @a造林 |
| 606 | 0 | @a造林@x技术 |
| 690 | @aS725-53@v3 | |
| 701 | 0 | @a熊耀国@Axiong yao guo@4主编 |
| 701 | 0 | @a翟明普@Azhai ming pu@4主编 |
| 801 | 0 | @aCN@bPFT@c20020413 |
| 905 | @a10447@dS725-53@eX650 | |
| 中国林学会造林分会第4届理事暨学术讨论造林论文集/熊耀国,翟明普主编.-北京:中国环境科学出版社,2001.01 |
| 223页;26cm |
| ISBN 7-80163-039-4:RMB 36.00 |
| ● |
| 相关链接 |
|
|
|
正题名:中国林学会造林分会第4届理事暨学术讨论造
索取号:S725-53/X650
 
预约/预借
| 序号 | 登录号 | 条形码 | 馆藏地/架位号 | 状态 | 备注 |
| 1 | 357115 | 203571152 | 自科库401/401自科库 68排7列5层/ [索取号:S725-53/X650] | 在馆 | |
| 2 | 357116 | 203571161 | 自科库401/401自科库 68排7列5层/ [索取号:S725-53/X650] | 在馆 |